Текст томруулах:    
In the balance (Бичлэгийн дугаар. 146017)
000 -УДИРДЛАГА
Удирдлага 01020nam a22003017a 4500
003 - ХЯНАЛТЫН ТОО ТОДОРХОЙЛОГЧ
Код MN-UlNUM
005 - БИЧИЛТ ХИЙСЭН ОГНОО
Тухайн бичилтийг бичсэн засварласан сүүлийн огноо 20251224142304.0
008 - ЕРӨНХИЙ МЭДЭЭЛЭЛ
Ерөнхий мэдээлэл 251224m1998 mauab||| |||| 001 0 eng |
020 ## - ISBN
ISBN 0070241813
040 ## - БИЧЛЭГ ҮҮСГЭГЧ БАЙГУУЛЛАГА
Бичлэг үүсгэгч номын сангийн код МУИС-ийн номын сан
084 ## - ББК АНГИЛАЛ
Нэмэлт тусгалт Бусад
ББК ангилал 63.3(0)
Зохиогчийн гурван тэмдэгт G 69
Мэдлэгийн ялгаа 63 - Түүх
100 1# - ЗОХИОГЧ
Зохиогчийн нэр Goucher, Candice Lee.
245 10 - ҮНДСЭН ГАРЧИГ
Номын нэр In the balance
Бага гарчгийн мэдээ Themes in global history
Оролцогчдын тухай мэдээ Candice L. Goucher, Charles A. Le Guin, Linda A. Walton.
Ботийн дугаар Volume I
260 ## - ГАРАЛТЫН МЭДЭЭ
Хэвлэгдсэн газар Boston, Mass. :
Хэвлэлийн газар McGraw-Hill,
Хэвлэгдсэн он 1998-
300 ## - МАТЕРИАЛЫН ТОДОРХОЙЛОЛТ
хуудасны тоо v. <1-2 461p.:
Бусад тоон мэдээлэл ill. (some col.), col. maps ;
Хэмжээ 24 cm.
500 ## - Тайлбар
Дансны дугаар БС 4712
546 ## - ХЭЛНИЙ ТУХАЙ МЭДЭЭ
Хэл Англи хэл дээр,
653 ## - Түлхүүр үг
Түлхүүр үг world history
700 1# - ХАМ ЗОХИОГЧИД
Ба бус Le Guin, Charles A.
700 1# - ХАМ ЗОХИОГЧИД
Ба бус Walton, Linda A.
740 ## - НОМЫН ГАРЧИГ
Гарчиг World History and Human Orgins
740 ## - НОМЫН ГАРЧИГ
Гарчиг Changing Environments, Changing Societies
740 ## - НОМЫН ГАРЧИГ
Гарчиг Settled Societies: The Emergence of Cities
740 ## - НОМЫН ГАРЧИГ
Гарчиг Ideas and Power: Goddesses, God-Kings, and Sages
942 ## - ЭЛЕМЕНТИЙН ТӨРӨЛ
Зүйлийн төрөл Ном